Le blues du Businessman (Starmania) - Paroles - Statistiques

Statistiques générales
  • Ce quiz a été pris 3 840 fois
    3 481 depuis la dernière actualisation
  • Le résultat moyen est 229 sur 281
Statistiques - réponses
Paroles % Correct
à
99%
À
99%
J'
99%
j'
99%
d'
98%
D'
98%
l'
97%
un
97%
et
96%
Et
96%
ai
95%
Au
95%
de
94%
Je
94%
je
94%
la
94%
mon
94%
n'
94%
voulu
93%
aurais
92%
être
92%
ma
92%
me
92%
qu'
92%
Qu'
92%
se
92%
artiste
91%
dans
91%
Dans
91%
en
91%
le
91%
Pour
90%
pour
90%
vie
90%
vie.
90%
vie !
90%
pouvoir
88%
suis
88%
suis.
88%
faire.
87%
faire
87%
87%
ou
87%
affaires.
85%
du
85%
mes
85%
pas
85%
une
85%
les
84%
numéro.
83%
change
81%
chanteur
81%
haut
80%
succès
80%
tour
80%
es-
79%
amours.
78%
ce
78%
air
77%
air.
77%
que
77%
tous
77%
bureau
76%
secrétaire.
76%
envers
75%
qui
75%
souvent
75%
sur
75%
Sur
75%
vois
75%
des
73%
Terre
73%
Rio.
71%
secondaire
71%
tu
71%
acteur
70%
piste.
70%
résidence
70%
on
69%
auteur
68%
avion
68%
mais
68%
univers.
68%
ville
68%
est-
67%
crier
66%
fier.
66%
Hilton
66%
Quand
66%
Rotterdam
66%
fait
65%
pose
65%
heureux ?
64%
heureux
64%
New-York
64%
sens
64%
toujours
64%
veux
64%
Entre
63%
passe
63%
peut,
63%
réussi
63%
Singapour.
63%
veut.
63%
moitié
62%
regret.
62%
seul
62%
première.
61%
vieux ?
61%
voyage
61%
fais
60%
inventer
60%
fond
59%
contrôle
58%
humour.
58%
perdu
58%
beau.
55%
changer
55%
Depuis
55%
peux
55%
jours
54%
misère.
53%
trouver
53%
couleur.
52%
couleur !
52%
grand
52%
peau.
52%
écran
51%
supporter
49%
moins
46%
anarchiste
42%
monde
40%
comme
34%
vivre
32%
avoir
31%
dire
31%
pourquoi
30%
refaire.
30%
millionnaire
27%
millionnaire !
27%
existe !
26%
Aucun quiz correspondant
Distribution des résultats
% des personnes avec chaque résultat
Percentile par nombre de réponses
Votre historique - résultats
Vous n’avez pas pris ce quiz depuis la dernière actualisation